Uno y el universo : edición definitiva /

Guardado en:
Autor Principal: Sábato, Erenesto
Formato: Libro
Publicado: Buenos Aires : Seix Barral, 2006
Materias:
Etiquetas: Agregar Etiqueta
Sin Etiquetas, Sea el primero en etiquetar este registro!
LEADER 00680nam a22002175a 4500
001 CEM.cems013566
005 20110922092349.0
008 130507s2006##################000#0#####d
003 CEMS
020 |a 9507314962 
082 0 4 |a A864.4 
100 1 |a Sábato, Erenesto 
245 1 0 |a Uno y el universo :  |b edición definitiva /  |c Ernesto Sábato 
260 |a Buenos Aires :  |b Seix Barral,  |c 2006 
300 |a 144 p. 
500 |a Edición especial para La Nación Incluye prólogo para la edición de 1968 
653 |a Lieteratura 
653 |a Literatura argentina 
653 |a Ensayos 
653 |a Ensayo argentino 
859 |a CEMS  |b BIB. CEMS - 11 de abril  |h A864.4  |i Sa13-4  |p 26199.11  |t Ej.1